000 00560nam a2200157 a 4500
001 000045111
005 20201002045904.0
008 150203s2001 dr a 000 0 spa d
040 _aDO-SdBNP
_bspa
_cBNPHU
082 _axxxx
_bxxxx
100 1 _aMejía, Radhamés
_d1960-
_973128
245 1 0 _aPosesión ritual :
_bpinturas y esculturas /
_cRadhamés Mejía ; presentación Marianne de Tolentino.
260 _aSanto Domingo :
_bLyle O Reitzel Arte Contemporaneo,
_c2001.
300 _a[8] p. :
_bil. ;
_c27 cm.
700 1 2 _aTolentino, Marianne de,
_epresent.
_915222
999 _c44600
_d44600